01481nmc a2200349 a 4500003000900000005001700009008004100026040001300067100002000080245008200100250001200182260003800194300002400232490004900256500011400305500027000419650003000689650002300719650002600742650002700768650003000795650001500825650002600840653002700866653002600893653003100919700003500950700003300985700004401018700003101062700003801093AR-BaBNM20251128203033.0176119s1963 ||||||||||||||000 | spa|| cAR-BaBNM1 aRoberts, Roy W.10aEducación vocacional y artes prácticasbhistoria, desarrollo y principios a1ª ed. aMéxico, D.F.bContinentalc19630 a686 p.bil., diagr. 0aExploración en educación bajo el consejo1 aContiene cuadros estadísticos, leyes y decretos referentes a la Educación Vocacional Pública e índice1 aEsta publicación ha sido preparada conjuntamente por la editorial y el Centro Regional de Ayuda Técnica, Agencia para el Desarrollo Internacional. El Centro fue una organización dedicada a producir versiones en español del material fílmico e impreso que e 4aTEORIAS DE LA ORIENTACION 4aEDUCACION Y EMPLEO 4aINDUSTRIA Y EDUCACION 4aCONSEJEROS PEDAGOGICOS 4aASESORAMIENTO DEL DOCENTE 4aPSICOLOGOS 4aTRABAJADORES SOCIALES 0aORIENTACION VOCACIONAL 0aORIENTACION EDUCATIVA 0aGABINETES PSICOPEDAGOGICOS1 aFowlkes, John Guyeprologuista1 aLepe, José Luisetraductor1 aGutiérrez Méndez, Manueletraductor1 aKlapp R., Jaimeetraductor1 aVasseur Walls, Alfonsoetraductor